000 00554nam a2200169 a 4500
005 20140412111344.0
008 041005s19uu xx 00 eng d
020 _a0-14-230040-3
050 _aTR(GS 513.2'11
_bW44 2001
100 _aWells, Rosemary
245 _aAdding it up: based on Timothy goes to school and other stories /
_cRosemary Wells.
260 _aNew York :
_bPuffin books,
_c2001.
300 _a24
440 _aGet set for kindergarten
650 _aMathematics- study and teaching ( Elementary) Juvenile Literature
999 _c105182
_d105182